Discrete mathematics with graph theory / (Record no. 12385)
[ view plain ]
| 000 -LEADER | |
|---|---|
| fixed length control field | 00372cam a2200145ua 4500 |
| 020 ## - INTERNATIONAL STANDARD BOOK NUMBER | |
| ISBN | 9780130920003 |
| 020 ## - INTERNATIONAL STANDARD BOOK NUMBER | |
| ISBN | 0130920002 |
| 082 ## - DEWEY DECIMAL CLASSIFICATION NUMBER | |
| Classification number | 512 |
| Item number | GOO/DI |
| 100 ## - MAIN ENTRY--AUTHOR NAME | |
| Personal name | Edar G, Goodaire . |
| 245 ## - TITLE STATEMENT | |
| Title | Discrete mathematics with graph theory / |
| 260 ## - PUBLICATION, DISTRIBUTION, ETC. (IMPRINT) | |
| Place of publication | : |
| Name of publisher | Pearson Education Asia , |
| Year of publication | 2003. |
| 300 ## - PHYSICAL DESCRIPTION | |
| Number of Pages | 482 ; . |
| 700 1# - ADDED ENTRY--PERSONAL NAME | |
| Personal name | Michale, m Paramenter . |
| 942 ## - ADDED ENTRY ELEMENTS (KOHA) | |
| Koha item type | Books |
| Withdrawn status | Lost status | Damaged status | Home library | Current library | Date acquired | Full call number | Accession Number | Koha item type |
|---|---|---|---|---|---|---|---|---|
| KAUAET | KAUAET | 07/04/2012 | 512 | 20927 | Books |
